=LDR 00000nam 2200000 4500 =001 NUTBA000000000003475 =005 20140820101054.0 =006 =007 =008 =020 ##$$a 978-602-8285-39-1 =035 ##$$a 0010-081400000000320 =040 ##$$a NBPDMAT =090 ##$$a 371.3 $b Dra m =100 ##$$a Drajat =245 ##$$a Mengajar matematika dengan beriman : Panduan untuk guru dan orangh tua / Drajat =260 ##$$a Jakarta : $b Azka Press, $c 2008 =300 ##$$a iv, 52 hlm. : $b ilus. ; $c 24 cm. =650 ##$$a Metode Mengajar =850 ##$$a NBPDMAT =990 ##$$a 21406812